[Event "Llinars del Valles op-B 8th"]
[Site "Llinars del Valles"]
[Date "2015.04.11"]
[Round "1"]
[White "Vert Cardell, Marc"]
[Black "Veciana Francesch, Josep"]
[Result "0-1"]
[WhiteElo "1503"]
[BlackElo "1825"]
[PlyCount "82"]
[EventDate "2015.04.11"]
[EventType "swiss"]
[EventRounds "9"]
[EventCountry "ESP"]
[SourceTitle "EXT 2016"]
[Source "ChessBase"]
[SourceDate "2015.10.08"]
[SourceVersion "1"]
[SourceVersionDate "2015.10.08"]
[SourceQuality "1"]

1. e4 c5 2. f4 d6 3. Nf3 Bg4 4. Bc4 Nc6 5. c3 Nf6 6. d3 e6 7. Be3 a6 8. Nbd2 d5 9. Bb3 c4 10. dxc4 dxe4 11. h3 exf3 12. hxg4 Nxg4 13. Qxf3 Nxe3 14. Qxe3 Qc7 15. 0-0-0 0-0-0 16. Ne4 Be7 17. Rd2 Rxd2 18. Nxd2 Na5 19. Ba4 Kb8 20. Rd1 Nxc4 21. Nxc4 Qxc4 22. Bb3 Qc7 23. Qd2 Rd8 24. Qc2 Qxf4+ 25. Kb1 Rxd1+ 26. Qxd1 Qe4+ 27. Bc2 Qd5 28. Qf1 f5 29. Qh1 Qe5 30. a3 h6 31. Qh5 Qf6 32. Qe8+ Bd8 33. Bb3 e5 34. Qd7 f4 35. Bd5 Qe7 36. Qa4 g5 37. Bf3 Qf7 38. Qe4 Qg7 39. g4 fxg3 40. Qg4 Bc7 41. Qxg3 e4 0-1

[Event "Llinars del Valles Tardor op 6th"]
[Site "Llinars del Valles"]
[Date "2014.11.07"]
[Round "5"]
[White "Veciana Francesch, Josep"]
[Black "Vidal Palou, Jordi"]
[Result "0-1"]
[WhiteElo "1834"]
[BlackElo "1934"]
[PlyCount "62"]
[EventDate "2014.10.03"]
[EventType "swiss"]
[EventRounds "8"]
[EventCountry "ESP"]
[SourceTitle "CBM 163 Extra"]
[Source "ChessBase"]
[SourceDate "2014.12.23"]
[SourceVersion "1"]
[SourceVersionDate "2014.12.23"]
[SourceQuality "1"]

1. e4 d5 2. exd5 Qxd5 3. Nc3 Qd8 4. Bc4 e6 5. Nf3 Nf6 6. d3 a6 7. a3 Be7 8. Bd2 b5 9. Ba2 Bb7 10. b4 c5 11. Rb1 cxb4 12. axb4 Nc6 13. Ne2 Qc7 14. Ng3 0-0 15. c3 Ne5 16. Nxe5 Qxe5+ 17. Qe2 Qxe2+ 18. Nxe2 Rfd8 19. d4 Bxg2 20. Rg1 Be4 21. Bh6 Bxb1 22. Bxb1 g6 23. f4 a5 24. f5 exf5 25. Bxf5 axb4 26. cxb4 Ra1+ 27. Bc1 Bxb4+ 28. Kd1 Ba3 29. Rg3 Bxc1 30. Nxc1 Rxd4+ 31. Rd3 Rc4 0-1

[Event "Llinars del Valles op 5th"]
[Site "Llinars del Valles"]
[Date "2013.11.15"]
[Round "6"]
[White "Vega Benitez, Oscar"]
[Black "Veciana Francesch, Josep"]
[Result "0-1"]
[WhiteElo "1704"]
[BlackElo "1883"]
[PlyCount "34"]
[EventDate "2013.10.04"]
[EventType "swiss"]
[EventRounds "8"]
[EventCountry "ESP"]
[SourceTitle "CBM 157 Extra"]
[Source "ChessBase"]
[SourceDate "2013.12.19"]
[SourceVersion "1"]
[SourceVersionDate "2013.12.19"]
[SourceQuality "1"]

1. e4 c5 2. Nf3 d6 3. d4 cxd4 4. Nxd4 Nf6 5. Nc3 a6 6. Be3 e5 7. Nb3 Be6 8. f3 Be7 9. Qd2 0-0 10. 0-0-0 Nbd7 11. g4 Rc8 12. Kb1 Nb6 13. h4 Bc4 14. Bg2 Be6 15. Qf2 Nc4 16. Bg5 Qc7 17. Nd2 Nxb2 0-1

[Event "Llinars del Valles op 5th"]
[Site "Llinars del Valles"]
[Date "2013.10.11"]
[Round "2"]
[White "Veciana Francesch, Josep"]
[Black "Costa Trave, Jaume"]
[Result "0-1"]
[WhiteElo "1883"]
[BlackElo "2087"]
[PlyCount "26"]
[EventDate "2013.10.04"]
[EventType "swiss"]
[EventRounds "8"]
[EventCountry "ESP"]
[SourceTitle "CBM 157 Extra"]
[Source "ChessBase"]
[SourceDate "2013.12.19"]
[SourceVersion "1"]
[SourceVersionDate "2013.12.19"]
[SourceQuality "1"]

1. d4 d5 2. c4 e5 3. e3 exd4 4. exd4 Nf6 5. Nf3 Be7 6. g3 Nc6 7. b3 Bf5 8. Bg2 Nb4 9. Na3 Nd3+ 10. Kf1 Ng4 11. Qc2 Ngxf2 12. Ne5 f6 13. Nxd3 Bxd3+ 0-1

[Event "Llinars op Tardor Llinars d I"]
[Site "Llinars del Valles"]
[Date "2009.11.27"]
[Round "9.5"]
[White "Prats Fumado, Gerard"]
[Black "Veciana Francesch, Josep"]
[Result "1-0"]
[WhiteElo "1867"]
[BlackElo "1805"]
[PlyCount "54"]
[EventDate "2009.10.02"]
[EventType "swiss"]
[EventRounds "9"]
[EventCountry "ESP"]
[SourceTitle "EXT 2024"]
[Source "ChessBase"]
[SourceDate "2023.10.10"]
[SourceVersion "1"]
[SourceVersionDate "2023.10.10"]
[SourceQuality "1"]

1. d4 Nf6 2. Nc3 d5 3. Bg5 Nbd7 4. f3 e6 5. e4 dxe4 6. fxe4 Be7 7. Nf3 h6 8. Be3 c6 9. h3 b5 10. Bd3 b4 11. Na4 a5 12. 0-0 Qc7 13. c4 c5 14. d5 exd5 15. exd5 Bd6 16. Qd2 Ne5 17. Nxe5 Bxe5 18. Rae1 0-0 19. Bxc5 Re8 20. Be3 Bh2+ 21. Kh1 Nh5 22. Bf4 Rxe1 23. Qxe1 Qd7 24. Nb6 Qd8 25. Bxh2 Ra7 26. Qe4 Nf6 27. Rxf6 Qxf6 1-0

[Event "Llinars op Tardor Llinars d I"]
[Site "Llinars del Valles"]
[Date "2009.11.13"]
[Round "7.4"]
[White "Veciana Francesch, Josep"]
[Black "Cobos Navarro, Francesco"]
[Result "0-1"]
[WhiteElo "1805"]
[BlackElo "2046"]
[PlyCount "80"]
[EventDate "2009.10.02"]
[EventType "swiss"]
[EventRounds "9"]
[EventCountry "ESP"]
[SourceTitle "EXT 2024"]
[Source "ChessBase"]
[SourceDate "2023.10.10"]
[SourceVersion "1"]
[SourceVersionDate "2023.10.10"]
[SourceQuality "1"]

1. e4 c5 2. Ne2 g6 3. d4 Bg7 4. Nbc3 cxd4 5. Nxd4 Nc6 6. Nde2 Nf6 7. g3 d6 8. h3 Bd7 9. Bg2 0-0 10. 0-0 Nh5 11. g4 Nf6 12. f4 Qb6+ 13. Kh2 Rac8 14. g5 Ne8 15. Nd5 Qd8 16. c3 e6 17. Ne3 f6 18. h4 fxg5 19. fxg5 Rxf1 20. Nxf1 Ne5 21. Neg3 b5 22. Ne3 a5 23. Bh3 Qb6 24. Qf1 Nc7 25. Bd2 Rf8 26. Qe2 Nf3+ 27. Kh1 Be5 28. Rf1 Nxd2 29. Rxf8+ Kxf8 30. Qf2+ Kg8 31. Qxd2 Bxg3 32. Ng4 Kg7 33. Qe2 Bxh4 34. Nf6 Bc6 35. Qg4 Qf2 36. Bg2 Bg3 37. Qh3 Qe1+ 38. Bf1 Bxe4+ 39. Nxe4 Qxe4+ 40. Bg2 Qh4 0-1

[Event "Llinars op Tardor Llinars d I"]
[Site "Llinars del Valles"]
[Date "2009.10.30"]
[Round "5.8"]
[White "Veciana Coronado, David"]
[Black "Veciana Francesch, Josep"]
[Result "0-1"]
[WhiteElo "1574"]
[BlackElo "1805"]
[PlyCount "60"]
[EventDate "2009.10.02"]
[EventType "swiss"]
[EventRounds "9"]
[EventCountry "ESP"]
[SourceTitle "EXT 2024"]
[Source "ChessBase"]
[SourceDate "2023.10.10"]
[SourceVersion "1"]
[SourceVersionDate "2023.10.10"]
[SourceQuality "1"]

1. e4 c5 2. Nf3 d6 3. d4 cxd4 4. Nxd4 Nf6 5. Nc3 a6 6. f3 b5 7. a3 Bb7 8. Be3 e6 9. Be2 Nbd7 10. 0-0 Be7 11. Qd2 d5 12. exd5 Nxd5 13. Nxd5 Bxd5 14. c3 0-0 15. b4 Rc8 16. Rac1 Bc4 17. Rfd1 Nb6 18. Kh1 Nd5 19. Bxc4 Rxc4 20. Nb3 Nxe3 21. Qxe3 Qc7 22. Rd4 h6 23. Na5 Bg5 24. Rxc4 bxc4 25. Qe1 Bxc1 26. Qxc1 Rd8 27. g3 Rd3 28. Kg2 Qe5 29. Nxc4 Qxc3 30. Qxc3 Rxc3 0-1

[Event "Canovelles op 11th"]
[Site "Canovelles"]
[Date "2008.03.28"]
[Round "3.12"]
[White "Veciana Francesch, Josep"]
[Black "Turon Mora, Joan"]
[Result "0-1"]
[WhiteElo "1787"]
[BlackElo "1987"]
[PlyCount "94"]
[EventDate "2008.03.07"]
[EventType "swiss"]
[EventRounds "9"]
[EventCountry "ESP"]
[SourceTitle "EXT 2024"]
[Source "ChessBase"]
[SourceDate "2023.10.10"]
[SourceVersion "1"]
[SourceVersionDate "2023.10.10"]
[SourceQuality "1"]

1. e4 c6 2. d4 d5 3. exd5 cxd5 4. Nf3 Nc6 5. c4 Nf6 6. Nc3 Bg4 7. cxd5 Nxd5 8. Bc4 e6 9. 0-0 Be7 10. Re1 0-0 11. Nxd5 exd5 12. Be2 Bf6 13. Be3 Re8 14. Qd2 Qb6 15. Rad1 Rac8 16. Ne5 Bxe2 17. Nd7 Qd8 18. Nxf6+ Qxf6 19. Rxe2 Re6 20. Rc1 b6 21. Ree1 Rce8 22. Kf1 Kf8 23. a3 Re4 24. Bg5 Rxe1+ 25. Rxe1 Rxe1+ 26. Kxe1 Qxd4 27. Qc1 Qe4+ 28. Kf1 Qc4+ 29. Qxc4 dxc4 30. Ke1 Ne5 31. Ke2 b5 32. h3 f6 33. Be3 a6 34. Kd2 Ke7 35. Kc3 Nc6 36. f4 f5 37. a4 Ke6 38. axb5 axb5 39. b3 Kd5 40. bxc4+ bxc4 41. g3 h5 42. h4 g6 43. Bf2 Nd8 44. Bd4 Nf7 45. Bf2 Nd6 46. Be1 Ne4+ 47. Kc2 Kd4 0-1

[Event "Canovelles op 11th"]
[Site "Canovelles"]
[Date "2008.03.14"]
[Round "2.4"]
[White "Gomez Benitez, David Isaac"]
[Black "Veciana Francesch, Josep"]
[Result "1-0"]
[WhiteElo "2084"]
[BlackElo "1787"]
[PlyCount "49"]
[EventDate "2008.03.07"]
[EventType "swiss"]
[EventRounds "9"]
[EventCountry "ESP"]
[SourceTitle "EXT 2024"]
[Source "ChessBase"]
[SourceDate "2023.10.10"]
[SourceVersion "1"]
[SourceVersionDate "2023.10.10"]
[SourceQuality "1"]

1. e4 c5 2. Nc3 a6 3. f4 b5 4. g3 Bb7 5. Bg2 e6 6. d3 Nf6 7. Nf3 Be7 8. 0-0 0-0 9. Qe2 Qb6 10. h3 Nc6 11. e5 Ne8 12. Ne4 c4+ 13. Be3 cxd3 14. cxd3 Qd8 15. Nc5 Bxc5 16. Bxc5 d6 17. Be3 Nc7 18. Bb6 Qd7 19. exd6 Qxd6 20. Rac1 Rfc8 21. Bc5 Qd7 22. Ne5 Nd4 23. Qf2 Qd8 24. Bxb7 Nf5 25. g4 1-0